banner-ar

تاريخ الزبير و البصرة : (Record no. 61577)

MARC details
000 -الفاتح
حقل البيانات ثابتة الطول 01068nam a22002417a 4500
005 - وقت وتاريخ اخر تعامل مع التسجيلة
رقم الضبط 20240530110506.0
008 - عناصر البيانات ثابتة الطول - معلومات عامة
حقل البيانات ثابتة الطول 151012s2006 ua a g 000 0 ara d
017 ## - رقم الايداع القانونى
رقم الايداع القانونى 2005/10/2440
المصدر ( الهيئة المختصة) عمان . دائرة المكتبة الوطنية
040 ## - مصدر الفهرسة
وكالة الفهرسة الأصلية EG-CaGPL
082 04 - رقم تصنيف ديوى العشرى
رقم الطبعة 21
رقم التصنيف 956.733/
رقم المادة ع ت
100 0# - المدخل الرئيسى - إسم شخصى
الإسم الشخصى عبدالله بن ابراهيم بن الغملاس .
245 10 - بيان العنوان
العنوان تاريخ الزبير و البصرة :
بقية العنوان مع اشارات الى تاريخ الكويت و الاحساء /
بيان المسئوليه,etc تاليف الشيخ عبدالله بن ابراهيم بن الغملاس ؛ عماد عبدالسلام رؤوف .
250 ## - بيان الطبعة
بيان الطبعة ط1.
260 ## - PUBLICATION, DISTRIBUTION, ETC. (IMPRINT)
تاريخ النشر أو التوزيع 2006 .
300 ## - الوصف المادى
التعداد 235 ص ؛
أبعاد الوعاء 24 سم .
651 04 - المدخل الاضافى بالموضوع - اسم جغرافى
الاسم الجغرافي الزبير
التقسيم الفرعي العام تاريخ .
651 04 - المدخل الاضافى بالموضوع - اسم جغرافى
الاسم الجغرافي الاحساء
التقسيم الفرعي العام تاريخ .
651 04 - المدخل الاضافى بالموضوع - اسم جغرافى
الاسم الجغرافي الكويت
التقسيم الفرعي العام تاريخ .
651 04 - المدخل الاضافى بالموضوع - اسم جغرافى
الاسم الجغرافي البصرة
التقسيم الفرعي العام تاريخ .
700 0# - المدخل الاضافى - اسم شخصى
الإسم الشخصى عماد عبدالسلام رؤوف
الدور محقق .
942 ## - عناصر المدخل الإضافي( كوها)
مصدر التصنيف او مخطط الترفيف Dewey Decimal Classification
Koha [default] item type كتاب
260 ## - PUBLICATION, DISTRIBUTION, ETC. (IMPRINT)
-- عمان :
-- دار الخزامى للنشر و التوزيع ،
Holdings
حالة التراجع حالة الفقد حالة تلف ليس للاعارة المكان المؤقت الموقع الحالى تاريخ الاكتساب اجمالي اﻻعارات رقم الطلب الباركود تاريخ اخر مشاهدة تاريخ تفعيل السعر نوع وعاء كوها
        مكتبة القاهرة الكبرى مكتبة القاهرة الكبرى 10/12/2015   956.733/ ع ت 160903 10/12/2015 10/12/2015 كتاب

Powered By

EGPV